Métodos y técnicas para gestionar a los clientes
Αποθηκεύτηκε σε:
| Κύριος συγγραφέας: | |
|---|---|
| Μορφή: | Βιβλίο |
| Γλώσσα: | Ισπανικά |
| Έκδοση: |
Barcelona
Gestión 2000
2003
|
| Έκδοση: | 1a. ed |
| Θέματα: | |
| Ετικέτες: |
Προσθήκη ετικέτας
Δεν υπάρχουν, Καταχωρήστε ετικέτα πρώτοι!
|
MARC
| LEADER | 00000cam a2200000 a 4500 | ||
|---|---|---|---|
| 001 | UCD6988 | ||
| 003 | CL-VaPUC | ||
| 008 | 170303e20030000sp |||||||||||||||||spa|d | ||
| 020 | |a 8480888822 | ||
| 082 | 0 | 4 | |a 658.812 |b PYP |2 21 |
| 100 | 0 | |a Py, Pascal |e author |9 590909 | |
| 245 | 1 | 0 | |a Métodos y técnicas para gestionar a los clientes |
| 250 | |a 1a. ed | ||
| 300 | |a 181 p | ||
| 942 | |c BK | ||
| 945 | |d 20170303 17:35:00 |a arojas | ||
| 260 | |a Barcelona |b Gestión 2000 |c 2003 | ||
| 650 | 0 | |a Atención al cliente |9 527293 | |
| 650 | 0 | |a Servicio al cliente |9 320800 | |
| 650 | 0 | |a Técnicas de venta |9 338625 | |
| 583 | |a last modification |c 20170303 17:35:00 |k Rodrigo Vera | ||
| 999 | |c 367160 |d 367158 | ||
| 952 | |0 0 |1 0 |3 erb |4 0 |6 658_812000000000000_PYP_2003 |7 0 |8 A |9 481852 |a BIBENE |b BIBENE |i 5329140 |o 658.812 PYP 2003 |p 5329140 |r 2025-01-15 |w 2019-11-24 |y BK |z Catalogado en:20170303 |k ICO | ||